000 01403nam a2200337 4500
001 114351
003 DR-UNIBE
005 20260409062750.0
008 260129b2009 dr ||||| |||| 00| 0 spa d
020 _a9993400904
040 _aBIBLIOTECA UNIBE
_bspa
_cBIBLIOTECA UNIBE
_erda
041 _aspa
082 _aRD 800 M533de 2009
245 1 0 _aMemorias de una tertulia homenaje a Juan Bosch
250 _aSegunda edición
260 _aSanto Domingo :
_bComisión Permanente de Efemérides Patrias (CPEP),
_c2009
300 _a278 páginas :
_bfotos b/n ;
_c29 x 15 cm
500 _aComentario de la obra en la contraportada
600 0 _a
_xMemorias, conferencias, etc
_932
650 7 _2lemb
_a Arte y literatura
_xEnsayos, conferencias, etc
_9201940
700 1 0 _aSención Villalona, Verónica
_949613
_ecoordinador general
700 1 0 _aCastro Burdiez, Tomás,
_d1959 -
_928654
_ecoordinador ejecutivo
700 1 0 _a García, José Enrique,
_d1948 -
_9139214
_ecoordinador de producción
700 1 0 _aSención Villalona, Guillermo
_950407
_ecorrector
700 1 0 _aLora Leites, Tomas
_9142524
_ecorrector
700 1 0 _aTejada, Roberto
_953408
_ediseñador
_ediagramador
700 1 0 _aGuzmán, Pedro
_9156016
_efotógrafo
700 1 0 _aCastillo Pichardo, José del
_9197519
_epreliminar
700 1 0 _aChez Checo, José
_q(Chez Checo, José Felipe),
_d1949-
_9193932
_eepílogo
942 _2ddc
_cBK
999 _c114351
_d114351